| 000 | 00906cab a22002175a 4500 | ||
|---|---|---|---|
| 001 | L148595 | ||
| 008 | 091008e20090919xxk 000 0 eng d | ||
| 035 | _a(Sirsi) u148595 | ||
| 041 | 0 | _aeng | |
| 100 | 1 | _aBijlani, Charlotte | |
| 245 | 0 | 0 | _aPerformance money |
| 260 | _c2009 | ||
| 490 |
_aEstates Gazette _v(0937) 19 September 2009, 100-101(2) |
||
| 520 | _aIncreasing number of disputes over performance and completion of property contracts between September 2008 and September 2009. Defines the term breach of contract, risks and difficulties, failure to complete and notices to complete. Outlines strategies and tactics available to contracting parties. Refers to case law. | ||
| 590 | _aKA | ||
| 650 | 2 | 4 | _aYEWBELLE LTD V LONDON GREEN DEVELOPMENTS LTD |
| 650 | 2 | 4 | _aHONG KONG FIR SHIPPING CO LTD V KAWASAKI KISEN KAISHA LTD |
| 651 | 4 |
_aUnited Kingdom _y |
|
| 690 | _aPROPERTY | ||
| 942 | _n0 | ||
| 999 |
_c81902 _d81902 |
||